| 000 | 02247nam a2200553 i 4500 | ||
|---|---|---|---|
| 001 | 15469 | ||
| 003 | KOSZ 005 | ||
| 005 | 20221025104807.0 | ||
| 008 | 200416s1973 pl a f 000 0 pol | ||
| 015 | _aUWD 1973/5922 | ||
| 035 | _a991033798369705066 | ||
| 035 | _a(PL-WaBN)b19043806-48omnis_nlop | ||
| 035 | _ab19043806 | ||
| 035 | _a(OCoLC)804327184 | ||
| 035 | _a(PL)b0000001904380 | ||
| 035 | _a(EXLNZ-48OMNIS_NETWORK)9910402233005606 | ||
| 040 |
_aWA N _cWA N _dKOSZ 005/RW |
||
| 041 | 0 |
_apol _beng _brus |
|
| 046 | _k1973 | ||
| 080 | _a54-38 | ||
| 080 | _a537.6 | ||
| 100 | 1 |
_aWojciechowski, Walter _d(1937-2010) _eAutor |
|
| 245 | 1 | 0 |
_aMagnetyczne własności związków koordynacyjnych. _nCz. 2, _pJony pierwiastków f-elektronowych / _cWalter Wojciechowski. |
| 246 | 3 | 0 | _aJony pierwiastków f-elektronowych |
| 260 |
_aWrocław : _bWydawnictwo Politechniki Wrocławskiej, _c1973. |
||
| 300 |
_a40 stron, [1] karta tablic : _bilustracje ; _c24 cm. |
||
| 336 |
_aTekst _btxt _2rdacontent |
||
| 337 |
_aBez urządzenia pośredniczącego _bn _2rdamedia |
||
| 338 |
_aWolumin _bnc _2rdacarrier |
||
| 380 | _aKsiążki | ||
| 380 | _aPublikacje naukowe | ||
| 388 | _a1901-2000 | ||
| 388 | _a1945-1989 | ||
| 490 | 1 |
_aPrace Naukowe Instytutu Chemii Nieorganicznej i Metalurgii Pierwiastków Rzadkich Politechniki Wrocławskiej. Monografie, _x0324-9840 ; _v4 |
|
| 500 | _aNumeracja serii głównej: 15. | ||
| 504 | _aBibliografia na stronach 37-40. | ||
| 546 | _aStreszczenie w języku angielskim i rosyjskim. | ||
| 650 | 7 |
_aMagnetyzm _2DBN |
|
| 650 | 7 |
_aZwiązki kompleksowe _2DBN |
|
| 650 | 7 | _aJony | |
| 655 | 7 | _aMonografia | |
| 658 | _aChemia | ||
| 710 | 2 |
_aOficyna Wydawnicza Politechniki Wrocławskiej _4pbl |
|
| 830 | 0 |
_aPrace Naukowe Instytutu Chemii Nieorganicznej i Metalurgii Pierwiastków Rzadkich Politechniki Wrocławskiej. _pMonografie _v4 |
|
| 856 |
_uhttp://koha.tu.koszalin.pl/cgi-bin/koha/opac-detail.pl?biblionumber=15469 _yKatalog online BPK |
||
| 830 | 0 |
_aPrace Naukowe Instytutu Chemii Nieorganicznej i Metalurgii Pierwiastków Rzadkich Politechniki Wrocławskiej. _pMonografie _v15 |
|
| 942 |
_2UKD _cKS |
||
| 999 |
_c15469 _d15469 |
||